000 00665nab a2200181 4500
003 ES-SlBCS
005 20211219162932.0
008 170420s2016 sp ||||| |||| 00| 0 por d
040 _aES-SlBCS
_bspa
100 1 _aAraújo, Joana
_966516
245 1 2 _aA casa "in" comun dos refugiados ambientais à luz da "Laudato si"
_cJoana Araújo ; Carlos Costa Gomes ; António Jácomo
610 2 0 _aIglesia Católica
_bPapa (2013-: Francisco)
_tLaudato si'
_9408858
650 0 0 _aEcología
_915891
700 1 _aCosta Gomes, Carlos
_9115949
700 1 _aJácomo, António
_966562
773 0 _gNº 11, 2016, págs. 407-426
_tCauriensia
_wRev110
_x1886-4945
942 _2lcc
_cAR
999 _c861799
_d861799